Oasis - Band Quiz - Statistics

General Stats
  • This quiz has been taken 250 times
  • The average score is 21 of 30
Answer Stats
Question Answer % Correct
Lead and backing vocals, tambourine Liam Gallagher
99%
Lead and rhythm guitars, lead and backing vocals, keyboards, bass Noel Gallagher
98%
Album (1995) (What's The Story) Morning Glory?
91%
Rival London-based band with whom they fought a "chart-battle" Blur
90%
City in England where the band was formed Manchester
90%
Year in which the band was formed 1991
89%
Year in which the group disbanded 2009
89%
Rhythm guitars, keyboards, bass Paul Arthurs
89%
Album (1994) Definitely Maybe
87%
Album (1997) Be Here Now
80%
Subgenre of rock music they are usually associated with Britpop
79%
Album (2000) Standing On The Shoulder Of Giants
78%
First single Supersonic
78%
Top 10 Billboard Alternative Rock Tracks (U.S.) Wonderwall
78%
In 1996, they performed two record-breaking concerts in this town Knebworth
76%
Top 10 Billboard Alternative Rock Tracks (U.S.) Don't Look Back in Anger
73%
Album (2002) Heathen Chemistry
72%
Bass Paul McGuigan
70%
Album (2008) Dig Out Your Soul
68%
Album (2005) Don't Believe The Truth
66%
Drums, percussion Tony McCarroll
64%
Top 10 Billboard Alternative Rock Tracks (U.S.) Live Forever
61%
Drums, percussion Alan White
59%
Rhythm and lead guitars, bass, keyboards, harmonica, backing vocals Gem Archer
58%
Top 10 Billboard Alternative Rock Tracks (U.S.) Champagne Supernova
57%
Bass, keyboards, rhythm and lead guitars Andy Bell
50%
Now defunct label under which they released their first three albums Creation Records
49%
EP (2006) Stop the Clocks
34%
Top 10 Billboard Alternative Rock Tracks (U.S.) D'You Know What I Mean?
13%
Top 10 Billboard Alternative Rock Tracks (U.S.) Don't Go Away
12%
No matching quizzes found
Score Distribution
Percent of People with Each Score
Percentile by Number Answered
Your Score History
You have not taken this quiz